[Event "EU-ch 2nd"]
[Site "Ohrid"]
[Date "2001.06.09"]
[Round "8"]
[White "Kacheishvili, Giorgi"]
[Black "Dautov, Rustem"]
[Result "1/2-1/2"]
[WhiteElo "2570"]
[BlackElo "2631"]
[Annotator "Tsesarsky,I"]
[PlyCount "140"]
[EventDate "2001.06.01"]
[EventType "swiss"]
[EventRounds "13"]
[EventCountry "YUG"]
[SourceTitle "CBM 084"]
[Source "ChessBase"]
[SourceDate "2001.09.13"]
[SourceVersion "1"]
[SourceVersionDate "2001.09.13"]
[SourceQuality "1"]

{[%mdl 4096]} 1. d4 d5 2. c4 e6 3. Nf3 Nf6 4. Nc3 Be7 5. Bg5 O-O 6. Rc1 h6 7.
Bh4 dxc4 (7... b6 {-mainline.}) 8. e4 $5 {Rare move based on untouchability of
Pe4- see below.} (8. e3 {-mainline.}) 8... Nc6 $1 $132 {The best reply! Nc6
will recapture B on e7.} ({Dubious is} 8... Nxe4 $2 9. Bxe7 Nxc3 10. Bxd8 Nxd1
11. Be7 Nxb2 12. Ba3 Na4 13. Bxf8 Kxf8 14. Rxc4 Nb6 15. Rxc7 Nc6 16. Ne5 Nxe5
17. dxe5 $16 {1-0 Ogaard,L-Denker,A/Gausdal 1982/MCD (48)}) ({Black didn't
equalize also after} 8... c5 $5 9. dxc5 $1 {Better} ({than} 9. Bxc4 Nxe4 (9...
g5 $6 10. Bg3 g4 11. Nd2 cxd4 12. Nb5 $16) 10. Nxe4 (10. Bxe7 Nxc3 11. Bxd8
Nxd1 12. Be7 Re8 13. Rxd1 Rxe7 14. dxc5 Nd7 $132) 10... Bxh4 11. dxc5 Qxd1+ 12.
Rxd1 Be7 13. Ne5 b6 $132 {0-1 Giorgadze,T-Lputian,S/Tashkent 1984/MCD (28)})
9... Qxd1+ 10. Rxd1 Bxc5 11. Bxc4 Nc6 12. O-O $14 {[%csl Rc8]}) ({Or} 8... Nbd7
9. e5 Nd5 10. Bxe7 Qxe7 11. Bxc4 $14) 9. e5 (9. Bxf6 $6 Bxf6 10. e5 Bg5 $1 $15
{[%cal Gc6a5]}) 9... Nd5 10. Bxe7 Ncxe7 11. Bxc4 {[%csl Gd5]} b6 $5 ({Worth of
attention} 11... Nxc3 $5 $11 {strong enough for equality.} 12. bxc3 (12. Rxc3
Bd7 13. O-O Bc6 $11 {[%csl Rd4,Rf3][%cal Gc6f3,Gd8d4]}) 12... b6 13. Qe2 Bb7
14. Ba6 (14. O-O c5 15. dxc5 bxc5 16. Rfd1 Qc7 $11) 14... Bd5 15. O-O c5 16.
dxc5 bxc5 17. Bc4 Bc6 18. Bb5 Qc7 $11 {1/2-1/2 Tukmakov,V-Beliavsky,A/Tilburg
1984/MCD (25)}) 12. Ne4 $5 {Avoiding NN exchange on c3 - see above.} Bb7 13.
O-O Nf5 {Threatening Nde3.} 14. a3 (14. Re1 Nde3 15. fxe3 (15. Nf6+ Qxf6 $1 16.
fxe3 Qe7 17. e4 Nh4 18. Nxh4 Qxh4 19. Qf3 Rad8 $132) 15... Bxe4 $132) 14...
Nde3 ({Interesting but passive is} 14... Qd7 15. Qc2 Rfd8 16. Rfd1 a5 $132 {
[%csl Gd5] White can't use his space advantage first of all because Black has
strong point on d5.}) 15. fxe3 Bxe4 16. Qe2 c5 17. Nd2 ({Worth of attention
also} 17. dxc5 bxc5 18. Nd2 Bb7 (18... Bd5 $143 19. e4 $1 (19. Bd3 Rb8 20. Rc2
$132) 19... Nd4 20. Qh5 Bc6 21. Rc3 Rb8 22. Rg3 $40) 19. Bd3 Rc8 20. Bxf5 exf5
21. Rxf5 Bd5 $44) 17... Bb7 18. dxc5 Qg5 {[%csl Re3,Re5]} 19. c6 $1 (19. Rc3
bxc5 20. Nf3 Bxf3 21. Qxf3 Rad8 (21... Nh4 22. Qe4 Ng6 {[%csl Rc5,Re5] And
White had to force draw by} 23. Rxf7 $1 Kxf7 (23... Rxf7 24. Qxa8+ $18) 24.
Bxe6+ Kxe6 25. Qc6+ Kf7 26. Qd5+ Ke8 (26... Ke7 $2 27. Qxc5+ Ke6 28. Qd6+ Kf7
29. Qd5+ $18) 27. Qc6+ (27. Qxa8+ Qd8 28. Qc6+ Kf7 29. h3 Nxe5 30. Qxc5 Qb8 $17
) 27... Kf7 28. Qd5+ $11) 22. Qf4 Qxf4 23. exf4 Rd2 24. Rf2 Rfd8 25. g4 Ne7 26.
Rxd2 Rxd2 27. Rd3 Rxd3 28. Bxd3 g5 29. Kf2 $11) 19... Bxc6 20. Bxe6 Ne7 $1 (
20... fxe6 $2 21. Rxc6 $16) 21. Ba2 Qxe5 {Position is equal.Pe3 is not a
weakness.} 22. Nf3 (22. Qf2 {[%csl Rf7][%cal Ga2f7,Gf1f7]} Bd5 23. Nf3 Qh5 24.
Bxd5 Nxd5 25. Nd4 Rae8 26. Nf5 $132) 22... Qh5 23. e4 Bb5 (23... Rac8 $132) 24.
Bc4 Bxc4 25. Rxc4 (25. Qxc4 Ng6 $11 {[%csl Ge5]}) 25... Ng6 26. e5 (26. Rc7 Nf4
$11 {[%cal Gf4e6]}) 26... Qf5 27. Re4 Nf4 (27... Rac8 28. Nd4 Qd7 29. Nf5 (29.
e6 $6 fxe6 30. Nxe6 Rxf1+ 31. Qxf1 Rc2 32. b4 Qd2 {[%cal Gc2c1]} 33. Re1 Qc3
$15 {[%csl Ra3]}) 29... Rc5 30. b4 Rd5 31. h4 $132) 28. Qc4 g5 {This move
weakens Black K residence.} ({More safety is} 28... Ne6 $11) 29. Rfe1 (29. Nh4
$5 {leads to draw by force:} Qe6 30. Rexf4 gxf4 31. Qxf4 Rae8 32. Qg3+ (32. Nf5
$2 Kh7 $1 (32... Qxe5 33. Qh4 Re6 34. Nxh6+ Kg7 35. Nf5+ Kg8 36. Qg5+ $11) 33.
Rf3 {[%cal Gf3h3]} Rg8 34. Nd6 (34. Rh3 Rg6 35. Rxh6+ Rxh6 36. Nxh6 Qxe5 37.
Qxe5 Rxe5 38. Nxf7 Re2 $17) 34... Re7 35. Nxf7 Rg4 $15) 32... Kh7 33. Qd3+ Kg8
34. Nf5 (34. Qg3+ $11) 34... h5 35. Qh3 Qxe5 36. Qxh5 Re6 37. Qg5+ $11) 29...
Rac8 30. Qf1 Rfd8 $6 $14 (30... Rfe8 $1 $132) 31. Nd4 Qg4 32. Kh1 Qd7 (32...
Qh5 33. e6 fxe6 34. Nxe6 Nxe6 35. Rxe6 $16 {[%csl Rg8]}) 33. e6 $1 {White gets
rid if his 'weak' isolated Pe5 and important for Kg8 defence Pf7goes out also.}
fxe6 34. Nxe6 Nxe6 35. Rxe6 {This position, inspite material equality, is
clearly in White favour because Black K is weak. White can play this position
as long as he wants without any risk. In other side, Black had to play very
precisely.} Rf8 36. Qe2 Rc6 37. Re7 Qd5 38. h3 {[%csl Ra7][%cal Ge7a7]
Threatening Rxa7} (38. Rxa7 $6 {leads to draw by force because of weak first
horisontal:} Re6 $1 {[%cal Ra1h1]} 39. Qd1 $8 Rxe1+ 40. Qxe1 Qc4 $1 {[%cal
Gf8f1] Threatening Rf1+} 41. Kg1 $8 Qd4+ 42. Kh1 Qc4 $11) 38... a5 39. Rd1 Qf5
40. Red7 Qe6 41. Qd3 Qf5 42. Qd4 Qf6 43. Qe4 Qg6 44. Qd5+ Qe6 45. Qd2 Qc4 46.
Rd8 {White decided to change pair of RR, but it isn't increase chances to win.}
Rcf6 47. Rxf8+ Rxf8 48. Qe1 Qc6 49. Qe2 Rf7 50. Qe5 Qf6 51. Qb5 Kg7 52. b4 axb4
53. Qxb4 {White tries to combine his pressure on Pb6 and on Kg7. The problem
is that even White wins Pb6 and changes QQ - RR endgame cought be drawn.} Re7
54. a4 Rf7 55. Qb5 Re7 56. Rf1 Qe6 57. Qb2+ Kh7 58. Rf6 Qe1+ 59. Kh2 Qe5+ $6 {
Inaccuracy. Now Whie wins a P, but not the game...} ({Immediately draws} 59...
g4 $1 60. hxg4 (60. Qc2+ Qe4 $11) 60... Qh4+ 61. Kg1 Re1+ 62. Rf1 Rxf1+ 63.
Kxf1 Qxg4 $11) 60. Qxe5 Rxe5 61. Rxb6 {[%mdl 4096]} Re3 $1 {[%csl Rh2][%cal
Ge3a3,Ge3h3]} 62. Rb4 {In any case position is drawn...But it was possible to
try to prepare positional trap - see next commentary.} ({Draw also after} 62.
a5 $5 Ra3 63. a6 Kg7 $1 ({Loses} 63... h5 $2 {[%csl Rg5] Decisive weakening!}
64. Rb7+ ({Worth of attention also} 64. g4 hxg4 ({Loses also} 64... h4 65. Rb7+
Kg6 66. Ra7 $1 (66. a7 $2 $44 Kf6 {[%cal Gf6e5,Ge5f4,Gf4g3]} 67. Kg2 Ke5 68.
Kf2 Kf4 69. Rf7+ Ke5 70. Ke2 Ke6 71. Rg7 Kf6 72. Rb7 Ke5 73. Kd2 Kf4 74. Kc2
Ra6 75. Kb2 Ra5 76. Kb3 Kg3 $44) 66... Ra2+ 67. Kg1 Kf6 68. Ra8 Kg7 69. a7 {
White rised desired construction, Pg5 eventually will be captured:} Kh7 70. Kf1
Kg7 71. Ke1 Kh7 72. Kd1 Kg7 73. Kc1 Kh7 74. Kb1 Ra6 75. Kb2 Kg7 76. Kb3 Ra1 77.
Kb4 Rb1+ 78. Kc5 Ra1 79. Kc6 $1 {[%cal Ga8c8]} Rc1+ (79... Ra2 80. Rc8 Rxa7 81.
Rc7+ $18) 80. Kd6 Ra1 (80... Rd1+ 81. Ke6 Ra1 (81... Re1+ 82. Kf5 $18) 82. Rd8
$18) 81. Rc8 $18) 65. hxg4 Kg7 66. Kg2 ({Premature is} 66. Rb7+ $2 Kf6 67. Ra7
Ke5 68. Ra8 Kf4 $44) 66... Kf7 67. Kf2 ({Not} 67. Rb7+ Ke6 68. Ra7 Ke5 69. Ra8
Kf4 $44) 67... Ke7 68. Ke2 Kd7 69. Rg6 Ke7 70. Kd2 Ra4 71. Kc3 Kf7 72. Rh6 Kg7
73. Kb3 Ra1 74. Rc6 $18) 64... Kg6 65. Ra7 $1 (65. a7 $2 h4 66. Kg1 Ra2 67. Kf1
{In this RR endgame positions White's plan is to go with K to Ra2 direction,
then to the Pa7 direction, but Black has enough time to penetrate his K
through e5-f4-g3 and to attack PPg2 and h3.} Kf6 68. Ke1 Ke5 69. Kd1 Kf4 70.
Rg7 (70. Kc1 Kg3 $44) 70... Ke3 71. Rf7 Kd3 72. Kc1 Kc3 73. Kb1 Ra6 74. Rb7 Ra5
75. Rc7+ Kb3 76. Rg7 Ra6 77. Rxg5 Rxa7 78. Rg4 Rh7 $44) 65... h4 66. Kg1 Kf5
67. Ra8 Ra1+ 68. Kf2 Kf4 69. a7 Ra2+ 70. Kg1 Kg3 71. Rf8 $1 Ra1+ 72. Rf1 Rxa7
73. Rf3#) 64. g4 (64. Kg1 Ra2 65. Kf1 Kh7 $44) 64... Ra2+ ({On} 64... h5 {
White doesn't put attantion:} 65. Kg2 $1 $18 {And White wins like in
variations with h5xg4 h3xg4 or h5-h4 - see above.} (65. Rb7+ $2 Kf6 66. Ra7
hxg4 67. hxg4 Ke5 $44) (65. gxh5 $2 Kh7 $44)) 65. Kg3 Ra3+ 66. Kg2 Ra2+ 67. Kf3
(67. Kf1 Rh2 68. Rb8 Ra2 69. Ra8 Ra3 70. a7 $44 {and Black doesn't lose
because Pg5 is protected!}) 67... Ra3+ 68. Ke4 Rxh3 69. Kd5 (69. Rb8 Ra3 70.
Ra8 h5 71. gxh5 g4 $44) 69... Rg3 70. Rb2 Ra3 71. Rb7+ Kg6 72. Rb6+ Kg7 73. Kc6
h5 $1 74. gxh5 (74. Kb7 hxg4 75. a7 g3 76. a8=Q Rxa8 77. Kxa8 g2 78. Rb1 Kf6
$44) 74... Kh6 75. Kb7+ Kxh5 76. a7 Rxa7+ 77. Kxa7 g4 $11) 62... Ra3 63. h4
gxh4 64. Rxh4 Kg6 65. Rb4 h5 66. Rb6+ {R manoeuvre to a6 - in front of Pa -
leads to dead draw.} (66. g3 Ra1 67. Kh3 Rh1+ 68. Kg2 Ra1 69. Kf3 Rf1+ 70. Ke3
(70. Ke4 Kg5) 70... Re1+ 71. Kd4 Rg1 72. Rb8 h4 $1 $11) 66... Kg7 67. Ra6 h4
68. a5 Kh7 69. Ra8 Kg7 70. a6 Kh7 1/2-1/2

[Event "USA-CHN Summit 2nd"]
[Site "Shanghai"]
[Date "2002.07.14"]
[Round "3"]
[White "Bu, Xiangzhi"]
[Black "Kaidanov, Gregory S"]
[Result "1/2-1/2"]
[WhiteElo "2602"]
[BlackElo "2638"]
[Annotator "Tsesarsky,I"]
[PlyCount "143"]
[EventDate "2002.07.11"]
[EventType "team"]
[EventRounds "4"]
[EventCountry "CHN"]
[SourceTitle "CBM 091"]
[Source "ChessBase"]
[SourceDate "2002.11.12"]
[SourceVersion "1"]
[SourceVersionDate "2002.11.12"]
[SourceQuality "1"]

1. d4 d5 2. c4 e6 3. Nc3 Be7 4. Nf3 Nf6 5. Bg5 O-O 6. cxd5 Nxd5 7. Bxe7 Qxe7 (
7... Nxe7 $6 8. e4 $14 c5 9. dxc5 $16) 8. Rc1 (8. Qc2 Nxc3 9. Qxc3 c6 (9... Re8
$6 10. e3 c6 11. Be2 Nd7 12. Rd1 e5 (12... c5 13. Bb5 cxd4 14. Qxd4 f6 15. O-O
Rd8 16. Qd6 $16 {1-0 Frias,V-Collas,D/Linares 1998/CBM 62 ext (23)}) 13. dxe5
Nb6 $14) 10. e3 Nd7 11. Be2 c5 $11) (8. e3 Rd8 (8... Nxc3 9. bxc3 c5 (9... b6
10. Bd3 Bb7 11. O-O c5 12. Ne5 cxd4 13. cxd4 Nd7 14. Nxd7 Qxd7 15. Qh5 $14 {
1/2-1/2 Krivoshey,S-Michenka,J/Frydek-Mistek 1997/EXT 98 (44)}) 10. Bd3 cxd4
11. cxd4 Qb4+ 12. Qd2 Nc6 13. Rb1 Qxd2+ 14. Kxd2 $16 {[%cal Gh1c1] 1-0
Pecorelli Garcia,H-Westerinen,H/Havana 1985/EXT 99 (44)}) 9. Bd3 Nf6 10. O-O c5
11. Qe2 Nc6 12. Rad1 cxd4 13. exd4 Nb4 $132 {1/2-1/2 Danielsen,H-Hansen,S/
DEN-ch 1996/CBM 53 (34)}) 8... Nxc3 ({Worth of attention} 8... Rd8 $5 {[%cal
Gd8d1]}) 9. Rxc3 Rd8 10. e3 Nc6 11. Bb5 Bd7 12. O-O Nxd4 $5 {Black can't
release from White's pressure.} ({In case of} 12... Rac8 13. Rc5 {White leaves
with advantage:} a6 14. Be2 Nb4 15. a3 Nd5 16. Qb3 b6 17. Rcc1 {[%csl Ra6]
[%cal Ge2a6]} b5 18. Rc5 $16) 13. Bxd7 Nxf3+ 14. Qxf3 Qxd7 15. Qxb7 Rab8 ({Or} 
15... c5 16. Qxd7 Rxd7 17. Rxc5 Rd2 18. Rfc1 Kf8 19. R5c2 Rad8 20. Kf1 $16) 16.
Qxa7 Rxb2 17. Rxc7 Qd1 (17... Qd3 $142 18. Rcc1 Qd5 19. a4 Ra2 20. Rb1 h6 21.
Rb4 (21. Rb8 Rxb8 22. Qxb8+ Kh7 23. Qe8 Kg6 24. h3 (24. h4 Qh5 $44) 24... Qe4
$11 {[%csl Ra4]}) 21... Rd7 22. Qb8+ Rd8 23. Qf4 Ra8 24. h3 $14) 18. g3 (18.
Qa6 h6 19. a4 Ra2 20. Rc8 Qd7 21. Rxd8+ Qxd8 22. Qc4 Qd5 23. Qc8+ Kh7 24. Qe8
Kg6 $44) 18... Qf3 19. Qd4 $1 Qf6 ({Better looks} 19... Rbb8 $5 20. Qf4 Qxf4
21. gxf4 Ra8 22. Ra1 Ra3 23. Rc2 Kf8 24. Rb1 Rda8 25. Rbb2 g6 26. Kf1 $14) 20.
Qc4 (20. Qxf6 $6 gxf6 $44) 20... g6 ({I would prefer} 20... h6 $14 {and after
virtual pair of RR exchange black Q goes to d5.}) 21. Rc8 Rxc8 22. Qxc8+ Kg7 {
[%cal Gb2g7]} 23. Qc4 h5 24. h4 Rd2 ({Badly is} 24... Qf5 $2 25. Qd4+ Qf6 26.
Qxf6+ Kxf6 27. Ra1 $16) 25. a4 Kh7 26. a5 Qf5 27. Qa4 Qd5 28. Ra1 e5 $1 (28...
Qf3 29. Qf4 $16) 29. a6 Qf3 30. Rf1 Qd5 31. e4 Ra2 $1 {Thanks to this tactical
trick Black can continue resistance.} (31... Qa8 32. a7 $18) 32. Qe8 Qe6 $5 ({
Possible also} 32... Qb3 33. Qxe5 Rxa6 34. Rc1 Qe6 35. Qxe6 Rxe6 $14) 33. Qxe6
fxe6 {[%csl Re5,Re6]} 34. Rb1 Rxa6 35. Rb5 Kg7 36. Rxe5 Kf6 37. Rb5 e5 $2 $16 {
Serious mistake.} ({Precisely and simple is} 37... Ra4 38. e5+ (38. f3 Ra2 {
[%csl Rg1]} 39. f4 Rc2 40. Rb4 Ra2 41. Kf1 Rc2 42. Rb7 Ra2 43. e5+ Kf5 44. Rf7+
Kg4 45. Rf6 Kxg3 46. Rxg6+ Kxf4 47. Rxe6 $11) 38... Kf5 39. Kg2 Ra3 40. f3 Re3
41. Kf2 Rxe5 42. Rxe5+ (42. g4+ hxg4 43. fxg4+ Kf4 44. Rxe5 Kxe5 45. Ke3 Kd5
$11) 42... Kxe5 43. Ke3 Kf6 44. Ke4 e5 $11) 38. Rb3 $1 {Now White has strong
plan. See below.} Ra4 39. Rf3+ Ke6 40. Re3 Ra1+ 41. Kg2 Ra2 42. Rb3 Kf6 43. Kf3
Ra1 44. Ke2 Ra4 45. Ke3 Ra1 46. Rb6+ Kf7 47. Rd6 Ra2 48. f4 $2 $44 {After this
mistake Black has sufficient compensation for P lack.} ({Right was only} 48.
Rd3 $1 {in order to prepare f2-f4 and on e5xf4 to recapture with K.} Ra1 (48...
Ke6 49. f4 exf4+ 50. Kxf4 $16) 49. f4 Ke6 50. Rb3 exf4+ 51. Kxf4 $16) 48...
Ra3+ 49. Rd3 exf4+ 50. gxf4 {White can't recapture with K...} Ra2 51. e5 Ra4
52. Rd4 Ra3+ 53. Ke4 Ke6 54. Rd6+ Kf7 55. Rd7+ Ke6 56. Rg7 Ra4+ 57. Ke3 Ra3+
58. Kd2 Ra2+ 59. Kc3 Ra3+ 60. Kb4 Rg3 {White K went too far...} 61. Rg8 Rg4 62.
Rf8 Rxh4 63. Kc5 Rg4 64. Rf6+ Ke7 65. Kd5 h4 66. f5 gxf5 67. Rxf5 Ra4 68. Rh5
Ra5+ 69. Ke4 Ra1 70. Rh7+ Ke6 71. Rh6+ Ke7 72. Rh7+ 1/2-1/2

[Event "St Petersburg-ch"]
[Site "St Petersburg"]
[Date "1998.04.18"]
[Round "11"]
[White "Popov, Valerij"]
[Black "Shaposhnikov, Evgeny"]
[Result "1-0"]
[WhiteElo "2505"]
[BlackElo "2415"]
[Annotator "Tsesarsky,I"]
[PlyCount "81"]
[EventDate "1998.04.07"]
[EventType "tourn"]
[EventRounds "13"]
[EventCountry "RUS"]
[EventCategory "10"]
[SourceTitle "CBM 065"]
[Source "ChessBase"]
[SourceDate "1998.08.06"]
[SourceVersion "1"]
[SourceVersionDate "1998.08.06"]
[SourceQuality "1"]

1. c4 e6 2. Nc3 d5 3. d4 Be7 4. Nf3 Nf6 5. Qc2 O-O 6. Bg5 Nbd7 7. Rd1 a6 (7...
h6 8. h4 (8. Bf4 c5 9. cxd5 (9. dxc5 Nxc5 10. e3 Qa5 $11) 9... Nxd5 10. Nxd5
exd5 11. dxc5 Nxc5 12. a3 Be6 13. g3 Ne4 14. Bg2 Qa5+ $11 {1/2-1/2 Welin,
T-Agdestein,E/Gausdal AC 1987 (17)}) 8... c6 9. e3 b6 10. Bxf6 Bxf6 11. g4 g6
12. g5 hxg5 13. hxg5 Bxg5 14. Bd3 Qf6 15. Ke2 Kg7 16. Rdg1 Bh6 17. Ne5 Nxe5 18.
dxe5 Qxe5 19. Bxg6 $18 {1-0 Khenkin,I-Gavrilov,A/Komercni Banka, Pardubice CZE
1997 (46)}) (7... b6 8. cxd5 exd5 9. g3 Bb7 10. Bg2 Ne4 11. Bxe7 (11. Bf4 $14)
11... Qxe7 12. O-O $14 {1-0 Petrosian,A-Borges Mateos,J/Polanica Zdroj 1988 
(38)}) (7... dxc4 $6 8. e4 Nb6 $6 (8... c5 $5) 9. h4 Nfd7 (9... Qe8 $5) 10. Be2
Re8 11. Be3 c6 12. e5 $14 {Kramnik,V-Beliavsky,A/Dortmund 1995/1-0 (45)}) 8.
cxd5 exd5 9. e3 Re8 (9... c6 10. Bd3 Re8 11. O-O Nf8 $14 (11... Ne4 $2 12. Bxe4
$16)) 10. Bd3 Nf8 11. h3 $14 c6 (11... b6 12. O-O Bb7 13. Rc1 c5 14. dxc5 bxc5
15. Rfd1 $14) 12. O-O Ng6 13. Ne5 $6 (13. Rb1 Ne4 14. Bxe7 Qxe7 15. b4 Bf5 16.
a4 Nxc3 17. Qxc3 Bxd3 18. Qxd3 $14) 13... Nd7 14. Bxe7 Qxe7 15. f4 (15. Nxg6
hxg6 16. e4 dxe4 17. Nxe4 Nf6 18. Rfe1 Bf5 $11) 15... Ngf8 $6 (15... Ndxe5 16.
dxe5 (16. fxe5 Be6 17. Rf3 (17. e4 dxe4 18. Nxe4 Qh4 $132) 17... c5 $132) 16...
Qc5 17. Qf2 b6 $1 18. e4 Qxf2+ 19. Rxf2 d4 20. Na4 Rb8 $132) 16. Rde1 Nf6 (
16... Nxe5 17. fxe5 Be6 18. Qf2 $132) 17. a3 Ne4 $2 $16 (17... Qd6 $14) 18.
Bxe4 (18. Nxe4 $2 dxe4 19. Bxe4 f6 20. d5 (20. Bxc6 bxc6 21. Nxc6 Qe4 $17)
20... fxe5 21. dxc6 b5 $17) 18... dxe4 19. f5 $1 (19. b4 $6 a5 (19... f6 20.
Nc4 Be6 21. Nb6 Rad8 22. Nca4 (22. Qxe4 $2 Qc7 $17) (22. Nxe4 Bxh3 23. Nxf6+
Qxf6 24. gxh3 Qh4 $132) 22... Qc7 23. Rc1 f5 (23... Bf7 24. Qc5 Bb3 25. Rc3 $14
) 24. Qc5 $14) 20. b5 Bd7 (20... cxb5 21. Nd5 $16) 21. bxc6 $16) 19... f6 $2 (
19... Nd7 20. Nxe4 (20. Nxd7 Bxd7 (20... Qxd7 21. f6 $16) 21. Rf4 $16)) 20. Nc4
$2 (20. Qb3+ $1 Be6 $8 (20... Ne6 21. Nc4 $18) 21. fxe6 fxe5 22. dxe5 (22. Nxe4
Qxe6 (22... exd4 23. exd4 Rad8 24. Qg3 $16) 23. Qxb7 Reb8 24. Qc7 exd4 25. exd4
Qd5 26. b4 Qxd4+ 27. Kh1 $16) 22... Qxe6 23. Qxb7 Reb8 24. Qc7 Rxb2 25. Nxe4
Rc8 26. Qd6 Qd5 $14) 20... Bxf5 $2 $18 (20... b5 21. Nd2 Bb7 22. Qxe4 $16) (
20... Rb8 21. Nb6 Qc7 22. Nxc8 Rbxc8 23. Nxe4 Nd7 24. Nd2 c5 25. Qb3+ Kh8 26.
Rc1 b5 27. Qc3 Qb8 (27... Qd6 28. b4 c4 (28... cxd4 29. Qxc8 Rxc8 30. Rxc8+ Nf8
31. Ne4 Qe7 32. Nc5 $18) 29. e4 $16) 28. e4 cxd4 29. Qxd4 Rcd8 $14) 21. Rxf5
Qe6 22. Rc5 Nd7 23. d5 $1 Qe7 24. Ra5 c5 (24... b6 25. dxc6 bxa5 26. cxd7 Qxd7
27. Nb6 $18) 25. Nd2 b6 26. Ra4 f5 27. Ne2 b5 28. Ra5 Qd6 29. b4 $6 (29. Nf4
$18) 29... Qxd5 30. a4 cxb4 31. Nf4 Qf7 32. axb5 axb5 33. Rxa8 $6 $16 (33. Rea1
Rxa5 34. Rxa5 g5 35. Ne2 Nf6 (35... Nb6 36. Rxb5 Nd5 37. Qb3 $18) 36. Qc5 Qd5
37. Qxb4 Qd3 38. Qb3+ Nd5 39. Rxb5 $18) 33... Rxa8 34. Rc1 $2 $14 (34. Qc6 $1
Ra2 35. Rd1 Nf8 36. Qxb5 $18) 34... Ra2 $2 (34... g5 $1 35. Ne2 Ra2 36. Qc8+
Nf8 37. Rd1 (37. Rc7 Qf6 38. Rc2 Qa1+ 39. Kf2 Rxc2 40. Qxc2 Qe5 $14) 37... b3
$14) 35. Qc8+ Nf8 36. Rc7 Ra1+ (36... Qf6 37. Nd5 $18) 37. Kh2 Qf6 38. Nb3 (38.
Qb7 $18) 38... Rd1 39. Nd4 g5 40. Rc6 Qf7 41. Nxf5 1-0